[Event "Grand Prix de Monthey 2017"]
[Site "Monthey"]
[Date "2017.12.16"]
[Round "4"]
[White "Stijve, Theo"]
[Black "Machoud, Pascal"]
[Result "1-0"]
[WhiteElo "2247"]
[BlackElo "1850"]
[Annotator "Darbellay,Gérald"]
[PlyCount "25"]
[EventDate "2017.12.17"]
[EventRounds "7"]
[EventCountry "SUI"]

1. e4 e5 2. Nf3 Nc6 3. Bb5 {partie Espagnole} a6 4. Ba4 Nf6 5. d4 $5 {5. 0-0
coup le plus jouÃ } Nxe4 $5 (5... exd4 6. O-O $1 $11 (6. Nxd4 Nxd4 7. Qxd4 b5
8. Bb3 c5 9. Qe5+ $8 Be7 10. c3 {sinon les Noirs jouent c5-c4} O-O $15)) 6. Qe2
$5 (6. O-O b5 7. Bb3 d5 8. dxe5 Be6 {rentre dans l' Espagnole ouverte}) 6... b5
$5 (6... f5 7. dxe5 Qe7 $13) 7. Nxe5 $1 (7. dxe5 Nxf2 $1 8. Qxf2 bxa4 $11) (7.
Bb3 d5 8. dxe5 Bc5 9. O-O O-O $11) 7... Nxe5 $2 (7... bxa4 $1 8. Qxe4 d5 9.
Nxc6+ dxe4 10. Nxd8 Kxd8 11. Nc3 Bb4 12. Bd2 a3 13. b3 Re8 $11) 8. Qxe4 $16
bxa4 9. Qxa8 Nc6 10. O-O $5 (10. Be3 {consservant le pion d4 est meilleur})
10... Be7 {passif pourquoi pas Cxd4} 11. d5 (11. c3) 11... Nd4 12. d6 $6 (12.
Be3 Nxc2 $2 13. d6 $1 cxd6 14. Bb6 $1 $18) 12... Nxc2 $2 (12... Bxd6 $1 13.
Qe4+ Ne6 14. Nc3 O-O 15. Nxa4 $14) 13. dxe7 1-0

[Event "Grand Prix de Monthey 2017"]
[Site "Monthey"]
[Date "2017.12.16"]
[Round "4"]
[White "Gsponer, André"]
[Black "Perruchoud, Pierre"]
[Result "1/2-1/2"]
[WhiteElo "1854"]
[BlackElo "2023"]
[Annotator "Darbellay,Gérald"]
[PlyCount "59"]
[EventDate "2017.12.17"]
[EventRounds "7"]
[EventCountry "SUI"]

1. e4 d6 2. d4 Nf6 3. Nc3 e5 {DÃ fense Philidor} 4. Nf3 (4. dxe5 dxe5 5. Qxd8+
Kxd8 6. Nf3 (6. Bc4 Bb4 $1 7. Bd2 Nc6 8. Bxf7 Rf8 9. Bc4 Bxc3 10. Bxc3 Nxe4 $11
) 6... Bd6 7. Bc4 Ke7 8. Bg5 Be6 $1 9. Bxe6 (9. Nd5+ Kf8 $1 10. Bxf6 gxf6 11.
O-O-O Nc6 $11) 9... fxe6 $14) 4... Nbd7 5. Bc4 (5. g4 $5 Nxg4 6. Rg1 exd4 7.
Nxd4 Nde5 8. h3 Nf6 9. f4 $44) 5... Be7 6. O-O (6. a4 c6 7. a5 O-O 8. O-O $11)
(6. Ng5 $5 O-O 7. Bxf7+ Rxf7 8. Ne6 Qe8 9. Nxc7 Qd8 10. Nxa8 b5 $1 $36) 6...
O-O (6... c6) 7. h3 (7. a4) 7... c6 8. Bb3 (8. a4 {empÃ|_che b7-b5}) 8... Qc7 (
8... b5 $1 9. a3 a5 10. Re1 Ba6 {expansion sur l'aile dame avec avantage
d'espace les  Noirs ont Ã galisÃ }) 9. dxe5 (9. Re1) 9... dxe5 10. Qe2 Nc5 (
10... b5) 11. Bg5 Be6 (11... a5) 12. Bxe6 $5 (12. Bh4) 12... Nxe6 $11 13. Bxf6
$5 (13. Rad1) 13... Bxf6 $15 {avec pression sur la case du centre d4} 14. Qc4 (
14. Nd1 {avec l'idÃ e Ce3 via f5}) 14... b5 $1 $15 15. Qb3 (15. Qe2) 15... Rfe8
$5 {avec l'idÃ e Cd4} (15... Nd4 16. Nxd4 exd4 17. Ne2 Rfe8 18. Ng3 Bh4 19. a4
Bxg3 20. fxg3 a6 21. Qd3 Rad8 $15) 16. a4 $5 (16. Ne2 $1 Nd4 17. Qd3 Rad8 18.
Rad1 $11) 16... Nd4 17. Nxd4 exd4 $17 18. Ne2 Rxe4 19. Ng3 Ree8 (19... Re5 $1
$17) 20. axb5 cxb5 $15 (20... Reb8) 21. Qxb5 Qxc2 $11 (21... Rab8 22. Qa4 g6
$15 {Fou supÃ rieur au cheval et tours noirs plus actives}) 22. Rxa7 Rad8 (
22... d3 $1 23. Ne4 Bxb2 24. Nd6 Rf8 25. Rxa8 Rxa8 26. Nxf7 Rf8 27. Nd6 h6 $15)
23. Nh5 $1 $11 Qg6 (23... Be7) 24. Nxf6+ (24. Nf4) 24... Qxf6 25. Qd3 (25. Rd7
Rb8 26. Rb7 $11) 25... Qb6 26. Ra4 Qxb2 27. Rd1 g6 28. Rxd4 Rxd4 29. Qxd4 Re1+
30. Kh2 1/2-1/2

[Event "Grand Prix de Monthey 2017"]
[Site "Monthey"]
[Date "2017.12.16"]
[Round "4"]
[White "Vianin, Pascal"]
[Black "Perruchoud, Benoit"]
[Result "1-0"]
[WhiteElo "2145"]
[BlackElo "1882"]
[Annotator "Darbellay,Gérald"]
[PlyCount "37"]
[EventDate "2016.12.16"]
[EventRounds "4"]
[EventCountry "SUI"]

1. e4 e6 {DÃ fense Francaise} 2. Qe2 $5 {variante Tschigorine idÃ e de De2 de
rÃ pondre Ã  d7-d5 par exd5 forcant la Dame noire Ã  reprendre} c5 3. Nf3 Nc6
4. g3 d6 (4... Be7) 5. Bg2 Bd7 $5 {plus courant est Fe7} 6. O-O g6 $5 (6... Nf6
7. e5 dxe5 8. Nxe5 Rc8 9. Nxd7 Qxd7 $11) 7. c3 Bg7 8. Rd1 Nge7 9. Na3 $11 a6 $5
(9... O-O 10. Nc4 (10. Nb5 {idem}) 10... d5 11. exd5 exd5 12. Nce5 Bf5 $11) 10.
d4 cxd4 11. Nc4 $1 d5 $2 (11... Qc7 12. cxd4 b5 13. d5 bxc4 14. Qxc4 O-O 15.
dxc6 Bxc6 16. Nd4 Rfc8 $11) 12. Nd6+ $16 Kf8 13. cxd4 dxe4 14. Nxe4 Nf5 15. Nc5
Bc8 (15... Ncxd4 $1 $11) 16. Nb3 b5 17. g4 Nfe7 18. Bg5 Bb7 19. Nc5 (19. Ne5)
1-0

[Event "Grand Prix de Monthey 2017"]
[Site "Monthey"]
[Date "2017.12.16"]
[Round "4"]
[White "Pecorini, Jean - Marc"]
[Black "Binder, Beat"]
[Result "1-0"]
[WhiteElo "1626"]
[BlackElo "1979"]
[Annotator "Darbellay,Gérald"]
[PlyCount "95"]
[EventDate "2017.12.17"]
[EventRounds "7"]
[EventCountry "SUI"]

1. d4 Nc6 2. Nf3 d5 3. c4 e6 4. Nc3 Nf6 5. Bg5 Bb4 6. Qc2 {A noter que le Cc6
empÃ|_che les Noirs de jouer c7-c5 souvent important dans cette position du
gambit dame} h6 7. Bh4 g5 8. Bg3 g4 9. Ne5 $6 Nxd4 $15 10. Qa4+ Bd7 11. Nxd7 (
11. Qxb4 $4 Nc2+) 11... Qxd7 12. Qxd7+ Nxd7 (12... Kxd7 $1 $15) 13. O-O-O (13.
Rd1 $1 $11) 13... Bxc3 14. bxc3 Nf5 $15 15. cxd5 Nxg3 16. hxg3 e5 $6 (16... Nf6
17. dxe6 fxe6 $15) 17. e4 (17. Rh5) 17... Ke7 18. Kd2 Rag8 19. Ke3 $11 Rg6 20.
Rb1 Nc5 21. a4 a5 22. Bb5 h5 23. Rh4 Rg5 24. Rbh1 Kf6 25. f4 gxf3 26. gxf3 Rxg3
27. Rxh5 Rxh5 28. Rxh5 Rg5 $11 29. Rh8 c6 $2 (29... Ke7 $1 $11) 30. dxc6 bxc6
31. Bxc6 Ne6 32. Ra8 Rg2 33. Rxa5 Nf4 34. Bb5 $1 $18 {empÃ|_che Te2 mat} Rc2
35. Ra6+ Ke7 36. Rc6 Ng2+ 37. Kd3 Ne1+ 38. Kc4 Nxf3 39. a5 Rb2 40. Rc7+ Ke6 41.
Rc6+ Ke7 42. Rb6 Nd2+ 43. Kd3 Nb3 44. a6 Nc5+ 45. Kc4 Nxe4 46. a7 Ra2 47. Ra6
Nd6+ 48. Kc5 1-0

[Event "Grand Prix de Monthey  2017"]
[Site "Monthey"]
[Date "2017.12.16"]
[Round "4"]
[White "Huss, Andreas"]
[Black "Pahud, Cédric"]
[Result "1-0"]
[WhiteElo "2259"]
[BlackElo "2202"]
[Annotator "Darbellay,Gérald"]
[PlyCount "59"]
[EventDate "2017.12.16"]
[EventRounds "4"]
[EventCountry "SUI"]

1. d4 Nf6 2. c4 e6 3. Nf3 Bb4+ {dÃ fense Bogo-Indienne} 4. Nbd2 (4. Bd2) 4...
b6 5. a3 Bxd2+ (5... Be7 6. e4 d6) 6. Qxd2 Bb7 7. e3 O-O 8. Bd3 Ne4 9. Qc2 f5
10. O-O d6 11. Nd2 {Ã limine le puissant cavalierl e4} Nxd2 (11... Qh4 12. f3
Nxd2 13. Bxd2 Nd7 14. b4 c5 15. Bc3 $14) 12. Bxd2 $14 Nd7 {meilleur c7-c5
contrÃ'lant le centre , point nÃ vralgique de toute partie} 13. b4 $1 Qh4 14.
f3 {prÃ pare e3-e4 ou a4 suivi de c4-c5 suivant le jeu adoptÃ  par les Noirs} (
14. c5 $2 Bxg2 $1 15. Kxg2 Qg4+ 16. Kh1 Qf3+ 17. Kg1 Rf6 18. Rfc1 Qh3 $1 $19)
14... Rf6 15. Be1 $1 (15. c5 bxc5 16. bxc5 dxc5 17. dxc5 Bc6 $1 {c5 n'Ã tant
encore une menace}) 15... Qh5 16. a4 Rh6 17. Bg3 $16 {menace a4-a5 ou c4-c5 au
choix} Rf8 18. c5 $5 (18. a5 $1 $16) 18... bxc5 19. bxc5 dxc5 20. dxc5 Bc6 21.
Bxc7 $16 {et voilÃ  la diffÃ rence le Fou g3 gagne le pion c7} e5 22. h3 Qg5
23. Bd6 Qxe3+ 24. Rf2 (24. Kh1) 24... Re8 25. Bxf5 $18 e4 26. Qc4+ Kh8 27. fxe4
Bxe4 28. Bxd7 Rf6 29. Qe2 Qc3 30. Re1 1-0

[Event "Grand Prix de Monthey 2017"]
[Site "Monthey"]
[Date "2017.12.16"]
[Round "4"]
[White "Colmenares, Aurelio"]
[Black "Feller, Sebastien"]
[Result "1-0"]
[WhiteElo "2368"]
[BlackElo "2579"]
[Annotator "Darbellay,Gérald"]
[PlyCount "53"]
[EventDate "2017.12.17"]
[EventRounds "7"]
[EventCountry "SUI"]

1. e4 c5 2. Nf3 d6 3. d4 cxd4 4. Qxd4 $5 {Moins jouÃ e que 4.Cxd4} a6 (4... Nc6
5. Bb5 Bd7 6. Bxc6 Bxc6 7. Nc3 Nf6 8. Bg5 e6 9. O-O-O Be7 10. Qd3 {etc}) 5. Bg5
$5 (5. c4 f5 (5... Nc6 6. Qd2 Nf6 7. Nc3 g6 8. b3 Bg7 9. Bb2 O-O 10. Be2 Nd7
11. O-O Nc5 12. Rfd1 f5) 6. exf5 Bxf5 7. Nc3 $14) (5. Nc3 Nc6 6. Qd3 Nf6 7. Be2
) 5... Nc6 6. Qe3 {VoilÃ  une des idÃ es de Fg5 il libÃ..re la case e3 sans
fermer la diagonale au Fou qui se trouvait en c1 au dÃ but} Nf6 (6... Nb4 {
n'apporte rien} 7. Qb3 $14) 7. Nc3 e6 (7... Ng4 8. Qe2 Qb6 9. Rb1 Be6 10. h3
Nge5 11. Nxe5 dxe5 12. Qd2 Nd4 $11) 8. O-O-O Qc7 9. h3 Be7 10. Be2 b5 11. Rd2
$5 (11. Bf4 e5 12. Bh2) 11... h6 12. Bh4 Bb7 $15 13. Rhd1 Ne5 (13... Rd8) 14.
a3 O-O 15. Bg3 Rac8 16. Kb1 Nfd7 $4 (16... Nc4 $1 17. Bxc4 Qxc4 $15) 17. Nxe5
$18 Nxe5 18. Bxe5 dxe5 19. Rd7 Bc5 20. Rxc7 $18 Rxc7 21. Qg3 $18 Rfc8 22. Qxe5
Be7 23. Qf4 Bc6 24. e5 Be8 25. Bd3 Rb8 26. Ne4 b4 27. Nf6+ 1-0

[Event "Grand Prix de Monthey 2017"]
[Site "Monthey"]
[Date "2017.12.16"]
[Round "4"]
[White "Riand, Jean-Yves"]
[Black "Michaud, Christian"]
[Result "0-1"]
[WhiteElo "1891"]
[BlackElo "2095"]
[Annotator "Darbellay,Gérald"]
[PlyCount "62"]
[EventDate "2017.12.17"]
[EventRounds "7"]
[EventCountry "SUI"]

1. e4 c5 {dÃ fense Sicilienne} 2. Nf3 d6 3. d4 cxd4 4. Nxd4 Nf6 5. Nc3 a6 {La
cÃ lÃ..bre variante Nadjorf} 6. Bg5 {ici possibles une multitude de coups 6.
Fe2 6.h3 6.Fc4 6.f3 etc} e6 7. f4 Qc7 (7... Qb6 {7...Db6 la fameuse variante
du pion empoisonnÃ  aprÃ s 8.Dd2 Dxb2 !?} 8. Qd2 Qxb2 9. Rb1 Qa3 {etc}) 8. Qf3
b5 9. O-O-O $5 (9. Bxf6 gxf6 10. O-O-O) 9... b4 10. Nd5 $5 {sacrifice de piÃ..
ce spÃ culatif mais les Noirs doivent se dÃ fendre avec prÃ cision} (10. Nb1)
10... exd5 11. Bxf6 gxf6 12. exd5 $13 {les Blancs ont l'initiative pour la piÃ.
.ce sacrifiÃ e} Bg7 $5 (12... Kd8) 13. Re1+ Kf8 14. Qe4 $5 (14. Qe3 Qd8 15. Bd3
{14. De3 est meilleur car aprÃ..s Fd3 les blancs disposent e la case f5 pour
le Fou et le Cavalier} f5 16. Re2) 14... Qd8 15. Bd3 f5 $1 16. Nxf5 Bxf5 17.
Qxf5 Nd7 $17 18. Re4 Rb8 19. Rhe1 Nc5 20. R4e3 (20. Re7 Qxe7 21. Rxe7 Kxe7 $17)
20... Qf6 21. Qxf6 Bxf6 $19 22. g4 Na4 $19 23. g5 Bxb2+ 24. Kb1 Bc3 25. Rf1 Bd4
26. Rh3 Nc3+ 27. Kb2 Nxd5+ 28. Kb3 Rc8 29. Bxa6 Ra8 30. Bd3 Bc3 31. f5 Nb6 0-1

[Event "Grand Prix de Monthey 2017"]
[Site "Monthey"]
[Date "2017.12.16"]
[Round "4"]
[White "Lesniak, Julien"]
[Black "Virovets, Lev"]
[Result "1-0"]
[WhiteElo "1804"]
[BlackElo "1369"]
[Annotator "Darbellay,Gérald"]
[PlyCount "72"]
[EventDate "2017.12.17"]
[EventRounds "7"]
[EventCountry "SUI"]

1. e4 c6 {DÃ fense Caro-Khan} 2. d4 d5 3. exd5 cxd5 4. Bd3 Nc6 5. c3 Nf6 6. Bf4
e6 (6... Qb6) 7. Nf3 Be7 (7... Nh5) 8. h3 O-O 9. Nbd2 Nh5 10. Bh2 Bd6 11. Bxd6
(11. Ne5 g6) 11... Qxd6 12. O-O f6 (12... Nf4) 13. Qc2 g6 14. Rfe1 Nf4 15. Bb5
a6 16. Bxc6 bxc6 17. Nb3 Re8 (17... e5) 18. Nc5 e5 19. Re3 Bf5 20. Qa4 $2 (20.
Qd2) 20... e4 (20... exd4 $1 21. cxd4 Nxh3+ 22. gxh3 Rxe3 23. fxe3 Qg3+ $19)
21. Nd2 Bd7 22. Ndb3 Ne6 23. Nxe6 Bxe6 24. Nc5 Bd7 25. b4 f5 26. Qb3 Rf8 (26...
Kg7) 27. Rae1 f4 $4 28. Rxe4 $18 Rf7 29. Nxd7 Qxd7 30. Re6 Rb8 31. Qa4 Rb6 32.
Qa5 Qc7 33. Qc5 $18 Rf8 34. Re7 Qd8 35. R1e6 Kh8 36. a4 Kg8 1-0

[Event "Grand Prix de Monthey 2017"]
[Site "Monthey"]
[Date "2017.12.16"]
[Round "4"]
[White "Zaza, Alexandre"]
[Black "Papaux, Steve"]
[Result "0-1"]
[WhiteElo "1984"]
[BlackElo "1593"]
[Annotator "Darbellay,Gérald"]
[PlyCount "124"]
[EventDate "2017.12.17"]
[EventRounds "7"]
[EventCountry "SUI"]

1. e4 e6 2. d3 {Passe dans une Est-Indienne inversÃ e} d5 3. Qe2 $5 {menace
e4xd5} (3. Nd2) 3... d4 $5 {plus logique semble de garder la pression centrale
par 3....Fe7!} 4. g3 (4. Nf3 {pour suivre avec c3 cassant le centre noir}) 4...
e5 5. Bg2 Nc6 6. f4 f6 7. Nf3 Be6 8. O-O Be7 $5 (8... Qd7) 9. c3 Bc5 10. Kh1
Nge7 11. fxe5 (11. b4 $1 Bd6 12. b5 Na5 13. cxd4 exd4 (13... exf4 14. Bd2 $1 c6
15. bxc6 Naxc6 (15... bxc6 16. e5 $18)) 14. e5 $1 $18 fxe5 15. Ng5 Qd7 16. Qe1
b6 17. fxe5 Bb4 18. Qxb4) 11... fxe5 12. Ng5 (12. b4 $1) 12... Qd7 13. Nxe6 (
13. Qh5+ g6 (13... Ng6 14. Nxe6 Qxe6 15. Bh3 Qd6 16. Bg5 $18) 14. Qh4) 13...
Qxe6 14. Nd2 (14. b4) 14... O-O-O (14... Bb6) 15. Nf3 h6 16. b4 $1 Bb6 17. b5
$16 Nb8 18. c4 $2 $14 (18. cxd4 $1 $18 exd4 19. a4 a5 20. Qa2 Qxa2 21. Rxa2
Rde8 22. Bh3+ Kd8 23. Ne5 $18) 18... Nd7 19. Bd2 c5 20. bxc6 Nxc6 21. Qd1 Nc5
22. Qc2 g5 23. Rab1 Rhg8 24. Rb5 Qd7 25. Bc1 Qc7 26. Ba3 a6 27. Rb2 Ba7 28.
Rfb1 Rd7 29. Nd2 (29. Bxc5 Bxc5 30. Rxb7 Qxb7 31. Rxb7 Rxb7 32. Nd2 Kc7 $11)
29... Rf7 30. Bxc5 Bxc5 31. Qd1 $11 (31. Rxb7 $1 Qxb7 32. Rxb7 Rxb7 33. Nb3 $16
) 31... g4 32. Nb3 (32. Rxb7) 32... Ba3 33. Re2 b6 34. Kg1 Nd8 35. Qd2 Qd6 36.
Rf1 Rxf1+ 37. Bxf1 Bb4 38. Qc2 Rf8 39. Rf2 Rxf2 40. Qxf2 Qf8 41. Qxf8 Bxf8 $11
42. Be2 h5 43. h3 gxh3 44. Kh2 Ne6 45. Kxh3 Ng7 46. a4 Kc7 47. Nd2 Kc6 48. Nf3
Bd6 49. Nh4 Kc5 50. Nf5 Nxf5 51. exf5 Kb4 52. f6 Kxa4 53. Bxh5 Kb4 54. g4 $11
a5 55. Be8 $4 (55. g5 $1 a4 56. g6 a3 57. g7 a2 58. f7 (58. g8=Q a1=Q 59. Qg2
$11)) 55... a4 $19 56. Bxa4 Kxa4 57. g5 e4 $1 $19 58. g6 exd3 59. g7 d2 60.
g8=Q d1=Q 61. f7 Qf3+ 62. Kh4 Be7+ 0-1

[Event "Grand Prix de Monthey"]
[Site "Monthey"]
[Date "2017.12.16"]
[Round "5"]
[White "Burnier, David"]
[Black "Pecorini, Jean - Marc"]
[Result "1-0"]
[WhiteElo "2256"]
[BlackElo "1626"]
[Annotator "Darbellay,Gérald"]
[PlyCount "33"]
[EventDate "2017.12.16"]
[EventRounds "5"]
[EventCountry "SUI"]

1. d4 Nf6 2. c4 e6 3. Nf3 d5 4. Nc3 Be7 (4... Nbd7 5. cxd5 exd5 6. Bg5 Be7 7.
e3) 5. Bf4 O-O 6. e3 b6 7. cxd5 Nxd5 8. Nxd5 Qxd5 $5 (8... exd5) 9. Bd3 Bb4+
10. Kf1 Bd6 (10... Bb7 $1 11. Bxc7 Be7 12. Bf4 Nc6 $11) 11. e4 $1 $14 Qb7 12.
e5 Be7 13. h4 $5 $14 (13. Qc2 h6 14. Bh7+ Kh8 15. Be4 c6 16. h4 $16) 13... c5
14. Bxh7+ $6 (14. Ng5 $1 h6 15. Qc2 $1 $18) 14... Kxh7 15. Ng5+ Bxg5 $2 (15...
Kg8 $1 {est plus rÃ sistant} 16. Qh5 (16. Qc2 $1 g6 17. h5 cxd4 (17... f5 18.
hxg6 Bxg5 19. Bxg5 Qe4 20. Qb3 $16) 18. hxg6 d3 19. gxf7+ Rxf7 20. Qd1 Bxg5 21.
Qh5 Rh7 22. Qe8+ Kg7 23. Rxh7+ Kxh7 24. Qh5+ $18) 16... Qa6+ $1 17. Kg1 Qd3 $17
) 16. hxg5+ Kg8 17. Qh5 1-0

[Event "Grand Prix de Monthey 2017"]
[Site "Monthey"]
[Date "2017.12.16"]
[Round "5"]
[White "Feller, Sébastien"]
[Black "Vianin, Pascal"]
[Result "1-0"]
[WhiteElo "2579"]
[BlackElo "2145"]
[Annotator "Darbellay,Gérald"]
[PlyCount "77"]
[EventDate "2017.12.17"]
[EventRounds "7"]
[EventCountry "SUI"]

1. d4 Nf6 2. c4 e6 3. Nc3 Bb4 {dÃ fense nimzo - indienne} 4. Nf3 Nc6 5. Bd2 O-O
6. Qc2 d6 7. a3 Bxc3 8. Bxc3 Qe7 9. e3 a5 10. b3 e5 11. dxe5 dxe5 12. Be2 Bg4
13. O-O Rfe8 $5 (13... e4) 14. Rfd1 Bh5 15. h3 Bg6 16. Qb2 Ne4 17. Be1 Rad8 (
17... b6 $1 $14) 18. b4 $1 $14 Rxd1 (18... Ra8 19. b5 Nd8) 19. Rxd1 axb4 20.
axb4 h6 21. b5 Nb8 22. Qxe5 $18 Qxe5 23. Nxe5 Rxe5 24. Rd8+ Kh7 25. Rxb8 Nd6
26. Bc3 Re8 27. Rxe8 Nxe8 28. c5 $18 Bf5 29. f3 Bd7 30. e4 f6 31. Bc4 Kg6 32.
g4 h5 33. Kf2 hxg4 34. hxg4 b6 35. c6 Bc8 36. Bb4 Nd6 37. Bxd6 cxd6 38. f4 Kh6
39. f5 1-0

[Event "Grand Prix de Monthey 2017"]
[Site "Monthey"]
[Date "2017.12.16"]
[Round "5"]
[White "Machoud, Pascal"]
[Black "Juchler, Céline"]
[Result "1-0"]
[WhiteElo "1830"]
[BlackElo "1658"]
[Annotator "Darbellay,Gérald"]
[PlyCount "41"]
[EventDate "2017.12.17"]
[EventRounds "7"]
[EventCountry "SUI"]

1. d4 e6 2. e4 d5 3. Be3 $5 (3. e5 {variante d'avance}) (3. Nd2 {variante
Tarrasch}) (3. Nc3) 3... dxe4 $1 4. Nd2 Nf6 (4... f5) 5. f3 (5. Ne2) 5... exf3
(5... Nd5) 6. Ngxf3 Bd7 (6... Ng4) 7. Bd3 Nd5 8. Bf2 c6 (8... Nf4 9. Be4 Nc6
$11) 9. c3 Qb6 10. Nc4 $1 $16 Qc7 11. Bg3 Qd8 12. Qc2 h6 13. Qf2 $5 (13. O-O
$18) 13... Na6 14. Nfe5 $1 $18 Qf6 15. Qe2 c5 16. Rf1 Qe7 17. Nxf7 Qxf7 18.
Rxf7 Kxf7 19. Ne5+ Ke8 20. Qh5+ Ke7 21. Qf7+ 1-0

[Event "Grand prix de Monthey 2017"]
[Site "Monthey"]
[Date "2017.12.16"]
[Round "5"]
[White "Patuzzo, Fabrizio"]
[Black "Delmonico, Nils"]
[Result "1-0"]
[WhiteElo "2320"]
[BlackElo "1984"]
[Annotator "Darbellay,Gérald"]
[PlyCount "39"]
[EventDate "2017.12.16"]
[EventRounds "5"]
[EventCountry "SUI"]

1. d4 d5 2. Nf3 Nf6 3. c4 e6 4. g3 Bb4+ 5. Bd2 Be7 {une finesse le Fou en d2 Ã
 tant relativement mal placÃ } 6. Bg2 O-O 7. O-O c6 8. Qc2 b6 9. Bf4 (9. cxd5)
9... Bb7 10. Rd1 Nbd7 11. Nc3 Rc8 (11... dxc4 12. e4 b5) 12. Ne5 Nh5 $5 13. Be3
f5 14. cxd5 cxd5 15. Qa4 Nxe5 16. dxe5 Bc6 (16... a6 $1) 17. Qxa7 $16 Ra8 18.
Qxb6 Qxb6 19. Bxb6 Rfb8 20. Bd4 $18 1-0

[Event "Grand Prix de Monthey 2017"]
[Site "Monthey"]
[Date "2017.12.16"]
[Round "5"]
[White "Papaux, Steve"]
[Black "Chervet, Olivier"]
[Result "0-1"]
[WhiteElo "1593"]
[BlackElo "1960"]
[Annotator "Darbellay,Gérald"]
[PlyCount "20"]
[EventDate "2017.12.17"]
[EventRounds "7"]
[EventCountry "SUI"]

1. d4 d5 2. c4 e5 3. dxe5 d4 4. e3 $5 (4. a3) (4. Nf3) 4... Bb4+ $1 5. Bd2 dxe3
6. Bxb4 $2 {tombe dans le piÃ..ge connu d'une partie cÃ lÃ..bre} (6. fxe3 Qh4+
7. g3 Qe4 8. Nf3 Qxe3+ 9. Qe2 $11) 6... exf2+ 7. Ke2 fxg1=N+ $3 {[%emt 0:00:08]
} (7... fxg1=Q $2 $11) 8. Rxg1 (8. Ke1 Qh4+ 9. Kd2 Nc6 10. Qe1 Qd4+ 11. Kc2
Bf5+ {et les Noirs gagnÃ..rent}) 8... Bg4+ 9. Kf2 Qxd1 10. c5 Qd4+ 0-1

[Event "Grand Prix de Monthey 2017"]
[Site "Monthey"]
[Date "2017.12.16"]
[Round "5"]
[White "Pahud, Cédric"]
[Black "Gsponer, André"]
[Result "1/2-1/2"]
[WhiteElo "2202"]
[BlackElo "1854"]
[Annotator "Darbellay,Gérald"]
[PlyCount "89"]
[EventDate "2017.12.17"]
[EventRounds "7"]
[EventCountry "SUI"]

1. e4 c5 2. Nf3 Nc6 3. Nc3 g6 4. d4 cxd4 5. Nxd4 Bg7 6. Nde2 $5 {6.Fe3 Cf6 =
dragon accÃ lerÃ } Nf6 7. g3 (7. Nf4 {avec l'idÃ e de contrÃ'ler d5}) 7... O-O
8. Bg2 d6 9. O-O Bg4 $5 (9... Ne5 10. f4 $2 Neg4 11. h3 Qb6+ 12. Qd4 Qxd4+ 13.
Nxd4 Nxe4) 10. h3 Bd7 $11 11. a4 a5 (11... Qc8 12. Kh2 Re8 13. Nd5 Na5 $11) 12.
Nd5 Nxd5 (12... Ne5) 13. exd5 Nb4 14. c3 Na6 15. Be3 Rc8 16. Qb3 Nc5 $1 17.
Bxc5 Rxc5 18. Qxb7 Qc8 (18... Qc7 $1 19. Qxc7 Rxc7 20. Ra2 Rb8 21. Rd1 Rcb7 22.
Rd2 Bf5 $1) 19. Qxc8 Rfxc8 20. Ra2 Rb8 21. Kh2 Rc4 22. Rfa1 Bf6 $15 23. Nf4 Be5
(23... Bf5) 24. Nd3 Bf6 25. Bf3 h5 26. h4 Bf5 27. Ne1 Kg7 28. Ng2 Rc7 29. Be2
Bd7 30. Ne3 Rc5 31. Rd1 e6 $11 32. Bc4 Rb6 33. Rd3 Bc8 34. Bb5 Bb7 35. c4 (35.
b4 $1 axb4 36. cxb4 Rc1 37. Rad2 Bxd5 38. Nxd5 exd5 39. Rxd5 Bc3 40. Ra2 Bxb4
41. a5 Rb8 42. a6 $14) 35... exd5 (35... Bc8) 36. Nxd5 Bxd5 37. Rxd5 Rxd5 38.
cxd5 Bd4 39. b3 $11 Bc5 40. Re2 Rb7 41. Kg2 Kf6 42. Re4 $11 (42. Re8 Re7 43.
Ra8 Bb4 44. Rc8 $11) 42... Re7 43. Rf4+ Kg7 44. f3 Re5 45. Bc6 1/2-1/2

[Event "Grand Prix de Monthey "]
[Site "Monthey"]
[Date "2017.12.16"]
[Round "5"]
[White "Jean, Ludovic"]
[Black "Zaza, ludovic"]
[Result "0-1"]
[WhiteElo "1780"]
[BlackElo "2054"]
[Annotator "Darbellay,Gérald"]
[PlyCount "54"]
[EventDate "2017.12.16"]
[EventRounds "5"]
[EventCountry "SUI"]

1. Nh3 $5 e5 2. g3 d5 3. d4 exd4 $1 (3... e4 4. Nc3 h6) 4. Qxd4 Nc6 5. Qd1 Nf6
6. Bg2 $15 Bf5 (6... Ne5) 7. c3 Qd7 8. Nf4 O-O-O 9. b4 g5 10. b5 Ne5 11. Qd4
gxf4 (11... Qe8 $1 $19) 12. Qxe5 Bg7 13. Bxf4 Rhe8 14. Qd4 Qxb5 15. O-O c5 16.
Qd1 Rxe2 17. Na3 Qa6 18. c4 Re4 $17 19. Bxe4 Nxe4 20. Qh5 Bg6 21. Qg4+ f5 22.
Qf3 Bxa1 23. Rxa1 dxc4 24. Re1 c3 25. Rxe4 fxe4 26. Qxc3 Rd1+ 27. Kg2 Qf1# 0-1

[Event "Grand - Prix de Monthey 2017"]
[Site "Monthey"]
[Date "2017.12.16"]
[Round "4"]
[White "Emmott, Steven"]
[Black "Papaux, Jérémie"]
[Result "1-0"]
[WhiteElo "1721"]
[BlackElo "1192"]
[Annotator "Darbellay,Gérald"]
[PlyCount "21"]
[EventDate "2017.12.16"]
[EventRounds "4"]
[EventCountry "SUI"]

1. e4 e5 2. Nf3 Nc6 3. Nc3 (3. d4 {partie Ã cossaise}) (3. Bb5 {partie
Espagnole}) (3. Bc4 Nf6 4. Ng5 d5 {partie des 2 cavaliers}) 3... Nf6 4. Nxe5 $6
{coup de bluf 4. d4 ou 4. Fc4  standard} Nxe5 5. d4 Neg4 $2 (5... Ng6 $1 6. e5
Qe7 7. Be2 Ng8 8. Nd5 Qd8 $17) (5... Nc6 $5 $17) 6. h3 $5 (6. e5 $1 d5 $1 7.
exf6 Nxf6 $11) 6... Nh6 7. e5 (7. Bxh6 gxh6 8. e5 Ng8 9. Qf3 Bb4 10. Bc4 Bxc3+
11. bxc3 Qe7 $13) 7... Nfg8 $17 8. Bc4 f6 $6 (8... d5 $1 9. Bxd5 Nf5 10. g4 c6
11. gxf5 cxd5 $17) 9. O-O (9. Qh5+ g6 10. Qe2) 9... fxe5 $4 (9... f5 $1 10. d5
Qh4 $13) 10. Qh5+ $1 Ke7 11. Qxe5# 1-0